Statistics for 柚子社yuzusoft出品游戏

Click here to take the quiz!

General Stats

  • This quiz has been taken 25 times
  • The average score is 8 of 13

Answer Stats

首次发布日期作品名称% Correct
2016-07-01千恋*万花
95%
2015-01-31サノバウィッチ/魔女的夜宴
91%
2023-03-25天使☆騒々 RE-BOOT!/天使纷扰
86%
2018-03-01RIDDLE JOKER
77%
2019-11-23喫茶ステラと死神の蝶/星光咖啡馆与死神之蝶
73%
2013-06-29天色*アイルノーツ/天色幻想岛
59%
2008-04-29夏空カナタ/夏空彼方
55%
2009-04-29天神乱漫
50%
2007-05-21ExE
50%
2012-03-03DRACU-RIOT!
41%
2006-07-01ぶらばん!/管乐恋曲
32%
2010-11-27NOBLE☆WORKS
32%
2021-07-31(SOUR)PARQUET
32%

Score Distribution

Percentile by Number Answered

Percent of People with Each Score

Your Score History

You have not taken this quiz